000 00644nam a22002297a 4500
003 SISC
005 20160217134224.0
008 130906t xxu||||| |||| 00| 0 eng d
020 _a0697160653
050 _aQM 23.2
_b.V217 1995
082 _aHS 611
_bV26 1995
100 _aVan De Graaff, Kent M.
_916853
245 _aHuman anatomy /
_cKent M. Van De Graaff.
250 _a4th ed.
260 _aDubuque, Iowa :
_bWm. C. Brown Publishers,
_cc1995.
300 _a808 p. :
_bcol. ill. ;
_c28 cm.
500 _aIncludes index.
650 _aAnatomy.
_98595
650 _aHuman Anatomy.
_92588
942 _2lcc
_cBK
999 _c10512
_d10512